Normal view
MARC view
- DE-MECH-31
Entry Topical Term
001 - CONTROL NUMBER
- control field: 71977
003 - CONTROL NUMBER IDENTIFIER
- control field: NUST
005 - DATE AND TIME OF LATEST TRANSACTION
- control field: 20210628204725.0
008 - FIXED-LENGTH DATA ELEMENTS
- fixed length control field: 210628|| aca||aabn | a|a d
040 ## - CATALOGING SOURCE
- Original cataloging agency: NUST
- Transcribing agency: NUST
150 ## - HEADING--TOPICAL TERM
- Topical term or geographic name entry element: DE-MECH-31
670 ## - SOURCE DATA FOUND
- Source citation: Work cat.: (NUST): WAQAS,AMIR, AZAM,NABEEL 71976, PR-SOF-1253-ENERGY HARVESTING FROM HIGHWAY TRAFFIC THROUGH COMPRESSED AIR, 2013
